| 000 | 00342nam a22001337a 4500 | ||
|---|---|---|---|
| 008 | 181016b xxu||||| |||| 00| 0 eng d | ||
| 020 | _a9781572305144 | ||
| 041 | _aeng | ||
| 080 | _a159.9 | ||
| 100 | _a48 | ||
| 101 | _aPSI | ||
| 245 |
_aTreatment Plans and Interventions for Depression and Anxiety Disorders _cLeahy,R.L |
||
| 942 |
_2udc _cBK |
||
| 999 |
_c49858 _d49858 |
||